| 000 | 00562nam a22002057a 4500 | ||
|---|---|---|---|
| 005 | 20221227105922.0 | ||
| 008 | 221223b ||||| |||| 00| 0 eng d | ||
| 020 | _a9789380081144 | ||
| 040 | _cAL | ||
| 041 | _aEnglish | ||
| 082 |
_223 _bTHAS _a577.540994 |
||
| 100 |
_aUmer O Thasneem _967765 |
||
| 245 | _aSoul the Desert : A Biography of the holy prophet in verse | ||
| 260 |
_aCalicut _bOther Books |
||
| 300 |
_a293 p. _bPB _c21x14 cm. |
||
| 365 | _d₹260.00 | ||
| 650 |
_abiography _967757 |
||
| 700 |
_aTHASNEEM (Umer O) _967758 |
||
| 942 |
_2ddc _cDB |
||
| 999 |
_c226087 _d226087 |
||